[Event "Scarborough CC Howard Ridout"]
[Site "Toronto CAN"]
[Date "2018.09.27"]
[Round "3.1"]
[White "Xu, Jeffrey"]
[Black "Southam, David"]
[Result "1-0"]
[WhiteElo "2245"]
[BlackElo "2083"]
[PlyCount "129"]
[EventDate "2018.09.13"]
[EventType "swiss"]
[EventRounds "7"]
[EventCountry "CAN"]

1. Na3 g6 2. Nh3 Bg7 3. g3 d6 4. Bg2 e5 5. c3 Nc6 6. d3 Nge7 7. O-O O-O 8. e4
h6 9. Qe2 Be6 10. f3 Qd7 11. Nf2 Rad8 12. Nc2 a6 13. Rd1 d5 14. Be3 f5 15. d4
fxe4 16. fxe4 Qc8 17. dxe5 Nxe5 18. Nd4 Bg4 19. Nxg4 Nxg4 20. Bf4 c5 21. Nf3 g5
22. Bd2 Qe6 23. h3 Nf6 24. Be1 Nxe4 25. Nd2 Kh8 26. Nxe4 dxe4 27. Rxd8 Rxd8 28.
Qxe4 Qxe4 29. Bxe4 Rd7 30. Bf2 b6 31. Re1 Bf6 32. Re2 Kg7 33. Kg2 Rd6 34. Bf3
Nc6 35. Bxc6 Rxc6 36. Kf3 Kf7 37. Rd2 b5 38. Ke4 Ke6 39. Rd5 c4 40. g4 Be7 41.
Re5+ Kf7 42. Bd4 Rc8 43. Kd5 Bf8 44. Rf5+ Kg8 45. Rf6 Re8 46. Rxa6 Re2 47. b3
cxb3 48. axb3 Rh2 49. Rb6 b4 50. c4 Rxh3 51. c5 Bxc5 52. Kxc5 Rxb3 53. Rxh6 Rg3
54. Rg6+ Kf7 55. Rxg5 b3 56. Rg7+ Kf8 57. g5 Rg2 58. Bf6 Rc2+ 59. Kd6 Rd2+ 60.
Ke6 Re2+ 61. Kf5 Rf2+ 62. Kg6 Ke8 63. Re7+ Kf8 64. Rb7 Re2 65. Rxb3 1-0

[Event "Scarborough CC Howard Ridout"]
[Site "Toronto CAN"]
[Date "2018.09.27"]
[Round "3.2"]
[White "Palacios, Bobby"]
[Black "Gao, Raymond"]
[Result "1/2-1/2"]
[WhiteElo "2065"]
[BlackElo "1928"]
[PlyCount "51"]
[EventDate "2018.09.13"]
[EventType "swiss"]
[EventRounds "7"]
[EventCountry "CAN"]

1. d4 Nf6 2. c4 e6 3. Nf3 Bb4+ 4. Nbd2 d5 5. e3 O-O 6. a3 Be7 7. Bd3 a5 8. b3
c5 9. O-O Nc6 10. Bb2 Re8 11. Ne5 a4 12. bxa4 Bf8 13. Rc1 Bd7 14. Nxd7 Nxd7 15.
cxd5 exd5 16. dxc5 Nxc5 17. Bb5 Re6 18. Nf3 Na7 19. Be2 Nc6 20. Bb5 Na7 21. Nd4
Rb6 22. Nf5 Nxa4 23. Bxa4 Rxb2 24. Qd4 Rb6 25. Rfd1 Nc6 26. Bxc6 1/2-1/2

[Event "Scarborough CC Howard Ridout"]
[Site "Toronto CAN"]
[Date "2018.09.27"]
[Round "3.3"]
[White "Mao, Fengxi"]
[Black "Hay, Jonathan"]
[Result "1-0"]
[WhiteElo "1842"]
[BlackElo "2054"]
[PlyCount "107"]
[EventDate "2018.09.13"]
[EventType "swiss"]
[EventRounds "7"]
[EventCountry "CAN"]

1. e4 c6 2. d4 d5 3. exd5 cxd5 4. Bd3 Nc6 5. c3 Nf6 6. Bf4 Bg4 7. Qb3 Qd7 8.
Nd2 e6 9. Ngf3 Bd6 10. Bxd6 Qxd6 11. O-O O-O 12. Rfe1 Qc7 13. a4 Rfc8 14. Qd1
Rab8 15. h3 Bh5 16. Nf1 a6 17. Ng3 Bg6 18. Bxg6 hxg6 19. Ne5 b5 20. axb5 axb5
21. Ng4 Qf4 22. Nxf6+ Qxf6 23. b4 Rc7 24. Qd3 Ne7 25. Ra5 Rc4 26. Nf1 Rbc8 27.
Rc1 Qf4 28. Qe3 Qxe3 29. fxe3 Nc6 30. Rxb5 Nxb4 31. Nd2 Nd3 32. Nxc4 Nxc1 33.
Rc5 Rxc5 34. dxc5 Ne2+ 35. Kf2 Nxc3 36. Nd6 d4 37. exd4 Kf8 38. Ke3 Ke7 39. Kd3
Nd5 40. g3 f6 41. Kc4 Kd7 42. Kb5 Nc3+ 43. Kb6 e5 44. dxe5 fxe5 45. Nc4 e4 46.
c6+ Ke6 47. Ne3 Na4+ 48. Kb7 Nc5+ 49. Kc7 Ke5 50. Kb6 Na4+ 51. Kb5 Nc3+ 52. Kb4
Kd4 53. c7 Kxe3 54. Kxc3 1-0

[Event "Scarborough CC Howard Ridout"]
[Site "Toronto CAN"]
[Date "2018.09.27"]
[Round "3.4"]
[White "Huang, Youhe"]
[Black "Ning, Eric"]
[Result "0-1"]
[WhiteElo "1869"]
[BlackElo "1942"]
[PlyCount "72"]
[EventDate "2018.09.13"]
[EventType "swiss"]
[EventRounds "7"]
[EventCountry "CAN"]

1. e4 c5 2. Nc3 Nc6 3. f4 e6 4. Bc4 Nge7 5. e5 d5 6. Be2 g5 7. Nf3 gxf4 8. O-O
Ng6 9. Bb5 Bd7 10. Bxc6 Bxc6 11. d4 Qc7 12. Kh1 O-O-O 13. Rb1 h5 14. dxc5 Bxc5
15. b4 Be7 16. b5 Bd7 17. Qe1 f6 18. b6 axb6 19. exf6 Bxf6 20. Nb5 Bxb5 21.
Qxe6+ Qd7 22. Qxf6 Bxf1 23. Bd2 Bxg2+ 24. Kxg2 Rhg8 25. Kf2 Qc6 26. Qf5+ Kb8
27. Nd4 Qd6 28. Nb5 Qc5+ 29. Kf1 Rdf8 30. Qxh5 Qxc2 31. Qd1 Qd3+ 32. Ke1 Qe4+
33. Kf2 Ne5 34. Rb3 Qg2+ 35. Ke1 Qg1+ 36. Ke2 Rg2# 0-1

[Event "Scarborough CC Howard Ridout"]
[Site "Toronto CAN"]
[Date "2018.09.27"]
[Round "3.5"]
[White "Zhao, Jeffrey R"]
[Black "Sivapathasundaram, Manojh"]
[Result "1-0"]
[WhiteElo "1905"]
[BlackElo "1860"]
[PlyCount "43"]
[EventDate "2018.09.13"]
[EventType "swiss"]
[EventRounds "7"]
[EventCountry "CAN"]

1. e4 c5 2. Nf3 d6 3. d4 cxd4 4. Qxd4 Nf6 5. Bg5 Nc6 6. Bb5 Qa5+ 7. Nc3 Qxb5 8.
Nxb5 Nxd4 9. Nfxd4 Kd8 10. f3 Bd7 11. O-O-O e5 12. Nxd6 Bxd6 13. Nb3 Ke7 14. f4
b6 15. fxe5 Bxe5 16. Rd5 Bc7 17. e5 Bc6 18. exf6+ gxf6 19. Re1+ Kf8 20. Bh6+
Kg8 21. Rd4 f5 22. Rc4 1-0

[Event "Scarborough CC Howard Ridout"]
[Site "Toronto CAN"]
[Date "2018.09.27"]
[Round "3.6"]
[White "Wang, Thomas"]
[Black "Xie, Austin"]
[Result "1/2-1/2"]
[WhiteElo "1811"]
[BlackElo "1703"]
[PlyCount "73"]
[EventDate "2018.09.13"]
[EventType "swiss"]
[EventRounds "7"]
[EventCountry "CAN"]

1. e4 b6 2. d4 Bb7 3. Nc3 e6 4. Bd3 Nf6 5. Bg5 h6 6. Bxf6 Qxf6 7. Nf3 Bb4 8.
Qd2 Nc6 9. a3 Bxc3 10. Qxc3 g5 11. e5 Qf4 12. h3 g4 13. hxg4 Qxg4 14. Rh2 O-O-O
15. O-O-O Ne7 16. Kb1 Nd5 17. Qb3 Kb8 18. Be2 Nf4 19. Rh4 Qf5 20. Bd3 Nxd3 21.
Qxd3 Rdg8 22. Qxf5 exf5 23. Ne1 Bxg2 24. Nxg2 Rxg2 25. f4 Rg4 26. Rdh1 Kb7 27.
Rxh6 Rxh6 28. Rxh6 Rxf4 29. Rf6 Rxd4 30. Rxf5 Re4 31. b3 Kc6 32. Kb2 Kd5 33.
Rxf7 Ke6 34. Rf8 Rxe5 35. Kc3 Kd6 36. Ra8 a5 37. Rh8 1/2-1/2

[Event "Scarborough CC Howard Ridout"]
[Site "Toronto CAN"]
[Date "2018.10.04"]
[Round "4.1"]
[White "Xu, Jeffrey"]
[Black "Mao, Fengxi"]
[Result "1-0"]
[WhiteElo "2245"]
[BlackElo "1842"]
[PlyCount "57"]
[EventDate "2018.09.13"]
[EventType "swiss"]
[EventRounds "7"]
[EventCountry "CAN"]

1. Na3 e5 2. c3 d5 3. g3 Nc6 4. Bg2 Be6 5. d3 Qd7 6. Qa4 Nge7 7. Nf3 f6 8. h4
Nc8 9. Be3 d4 10. cxd4 Nb6 11. Qd1 exd4 12. Bd2 O-O-O 13. Nc2 Bg4 14. b4 Re8
15. O-O h6 16. a4 Bxf3 17. Bxf3 Ne5 18. Bg2 Nxa4 19. Nxd4 Nb2 20. Qb3 Qxd4 21.
Bc3 Qb6 22. Qxb2 a6 23. Rfb1 c6 24. Bd4 Qd8 25. Ba7 Bd6 26. d4 Nc4 27. Qc3 Nb6
28. Bh3+ Kc7 29. b5 1-0

[Event "Scarborough CC Howard Ridout"]
[Site "Toronto CAN"]
[Date "2018.10.04"]
[Round "4.2"]
[White "Southam, David"]
[Black "Palacios, Bobby"]
[Result "1-0"]
[WhiteElo "2083"]
[BlackElo "2065"]
[PlyCount "87"]
[EventDate "2018.09.13"]
[EventType "swiss"]
[EventRounds "7"]
[EventCountry "CAN"]

1. d4 Nf6 2. c4 e6 3. Nc3 d5 4. cxd5 exd5 5. Bg5 c6 6. e3 Be7 7. Qc2 O-O 8. Bd3
Nbd7 9. Nge2 Re8 10. O-O Nf8 11. a3 Nh5 12. Bxe7 Qxe7 13. b4 Nf6 14. b5 Bd7 15.
bxc6 Bxc6 16. h3 Rac8 17. Qb2 a6 18. Rfc1 N8d7 19. Rc2 Qd6 20. Rac1 Rcd8 21.
Na2 Nb8 22. Qb4 Ne4 23. Bxe4 dxe4 24. Qxd6 Rxd6 25. Nb4 a5 26. Nxc6 Nxc6 27.
Rb2 Rd7 28. Rcb1 Ree7 29. Nc3 f5 30. Na4 Na7 31. Nc5 Rc7 32. Nxb7 Rc3 33. Nd6
g6 34. Rb8+ Kg7 35. R1b7 Rc1+ 36. Kh2 Nc6 37. Rc8 Rxb7 38. Nxb7 Rc2 39. d5 Rxf2
40. dxc6 f4 41. exf4 e3 42. Re8 Rc2 43. Rxe3 Rxc6 44. Nxa5 1-0

[Event "Scarborough CC Howard Ridout"]
[Site "Toronto CAN"]
[Date "2018.10.04"]
[Round "4.3"]
[White "Gao, Raymond"]
[Black "Zhao, Jeffrey R"]
[Result "0-1"]
[WhiteElo "1928"]
[BlackElo "1906"]
[PlyCount "132"]
[EventDate "2018.09.13"]
[EventType "swiss"]
[EventRounds "7"]
[EventCountry "CAN"]

1. e4 c5 2. Nf3 d6 3. d4 cxd4 4. Qxd4 a6 5. c4 Nc6 6. Qe3 g6 7. Nc3 Bg7 8. Be2
Qa5 9. Bd2 Bg4 10. Nd5 Qd8 11. Bc3 Bxc3+ 12. Qxc3 Nf6 13. Rd1 e5 14. Qe3 Bxf3
15. Bxf3 O-O 16. Nc3 Nd4 17. Kf1 Qa5 18. h4 Rac8 19. Qg5 Kg7 20. h5 h6 21. Qe3
g5 22. Be2 b5 23. g3 b4 24. Nd5 Nxd5 25. exd5 Qxa2 26. Rxd4 exd4 27. Qxd4+ f6
28. Qe4 f5 29. Qe6 Qb1+ 30. Kg2 Qe4+ 31. Qxe4 fxe4 32. Ra1 Ra8 33. b3 Kf6 34.
Bd1 Ke5 35. Ra2 Kd4 36. Kf1 e3 37. f3 Kd3 38. Bc2+ Kd2 39. Be4+ Kc3 40. c5 Kxb3
41. Ra5 dxc5 42. Rxc5 Rac8 43. Ra5 Rf6 44. Ke2 Kc3 45. Ra1 Rb8 46. Kxe3 b3 47.
Ra3 Kb4 48. Ra1 b2 49. Rd1 Kc4 50. Bc2 Rd6 51. Ke4 Re8+ 52. Kf5 Rxd5+ 53. Rxd5
Kxd5 54. Kg6 Re6+ 55. Kg7 Rb6 56. Bb1 Kd4 57. f4 gxf4 58. gxf4 a5 59. f5 Ke5
60. Kh7 a4 61. f6 Rxf6 62. Bg6 Rxg6 63. hxg6 b1=Q 64. Kh8 Qg1 65. Kh7 Qxg6+ 66.
Kh8 Qg1 0-1

[Event "Scarborough CC Howard Ridout"]
[Site "Toronto CAN"]
[Date "2018.10.04"]
[Round "4.4"]
[White "Ajith, Aayush"]
[Black "Issani, Nameer"]
[Result "0-1"]
[WhiteElo "1922"]
[BlackElo "2184"]
[PlyCount "48"]
[EventDate "2018.09.13"]
[EventType "swiss"]
[EventRounds "7"]
[EventCountry "CAN"]

1. d4 Nf6 2. c4 e6 3. Nc3 Bb4 4. Qc2 d6 5. Nf3 Nbd7 6. Bf4 Qe7 7. a3 Bxc3+ 8.
Qxc3 O-O 9. e3 Ne4 10. Qc2 f5 11. Bd3 e5 12. Bg3 Nxg3 13. hxg3 e4 14. Be2 exf3
15. Bxf3 Nf6 16. O-O-O c6 17. Be2 d5 18. c5 b6 19. Bd3 bxc5 20. dxc5 Ne4 21.
Bxe4 fxe4 22. Rd2 Rb8 23. Qc3 Ba6 24. b4 Bc4 0-1

[Event "Scarborough CC Howard Ridout"]
[Site "Toronto CAN"]
[Date "2018.10.04"]
[Round "4.5"]
[White "Jacobs, Michael"]
[Black "Noor Ali, Aahil"]
[Result "1/2-1/2"]
[WhiteElo "1796"]
[BlackElo "2023"]
[PlyCount "124"]
[EventDate "2018.09.13"]
[EventType "swiss"]
[EventRounds "7"]
[EventCountry "CAN"]

1. e4 e5 2. Nf3 Nc6 3. d4 exd4 4. Bc4 Bc5 5. Ng5 Ne5 6. Nxf7 Nxf7 7. Bxf7+ Kxf7
8. Qh5+ g6 9. Qxc5 Nf6 10. O-O Qe7 11. Qxc7 Qxe4 12. Nd2 Qc6 13. Qf4 Qxc2 14.
Re1 d5 15. Nf3 Re8 16. Bd2 Qf5 17. Ng5+ Kg7 18. Qxd4 Bd7 19. Nf3 Re4 20. Rxe4
dxe4 21. Ne5 Bc6 22. Nxc6 bxc6 23. Bc3 c5 24. Qxf6+ Qxf6 25. Bxf6+ Kxf6 26. Rc1
Rd8 27. Kf1 Rd2 28. Rxc5 Rxb2 29. Ra5 Rb7 30. Ke2 h5 31. Ke3 Re7 32. Kf4 Kg7
33. Re5 Rb7 34. Rxe4 Rb2 35. Re7+ Kf6 36. Rxa7 Rxf2+ 37. Kg3 Rf1 38. a4 g5 39.
h3 h4+ 40. Kh2 Ra1 41. a5 Ra2 42. Ra8 Kg7 43. a6 Ra1 44. a7 Kh7 45. g4 Ra2+ 46.
Kg1 Kg7 47. Kf1 Kh7 48. Ke1 Kg7 49. Kd1 Kh7 50. Kc1 Kg7 51. Kb1 Ra3 52. Kc2 Ra1
53. Kd3 Ra3+ 54. Kd4 Ra5 55. Kc4 Kh7 56. Kb4 Ra1 57. Kc5 Rc1+ 58. Kd5 Ra1 59.
Ke6 Kg7 60. Kf5 Ra5+ 61. Ke6 Ra6+ 62. Kd7 Ra1 1/2-1/2

[Event "Scarborough CC Howard Ridout"]
[Site "Toronto CAN"]
[Date "2018.10.04"]
[Round "4.6"]
[White "Xie, Austin"]
[Black "Huang, Youhe"]
[Result "0-1"]
[WhiteElo "1703"]
[BlackElo "1869"]
[PlyCount "48"]
[EventDate "2018.09.13"]
[EventType "swiss"]
[EventRounds "7"]
[EventCountry "CAN"]

1. e4 e5 2. Nf3 d6 3. d4 exd4 4. Nxd4 Nf6 5. Nc3 Be7 6. Bg5 Nxe4 7. Nxe4 Bxg5
8. Qh5 Bf6 9. O-O-O O-O 10. Bd3 g6 11. Nxf6+ Qxf6 12. Qd5 c6 13. Qe4 Nd7 14.
Qe3 Nc5 15. Be2 Bd7 16. f4 Rfe8 17. Qd2 Ne4 18. Qe3 d5 19. Rhf1 c5 20. Nb3 c4
21. Nd4 c3 22. g4 Qb6 23. bxc3 Qa5 24. Qf3 Qa3+ 0-1

[Event "Scarborough CC Howard Ridout"]
[Site "Toronto CAN"]
[Date "2018.10.04"]
[Round "4.7"]
[White "Tavana, Joseph"]
[Black "Wang, Thomas"]
[Result "0-1"]
[WhiteElo "1736"]
[BlackElo "1811"]
[PlyCount "100"]
[EventDate "2018.09.13"]
[EventType "swiss"]
[EventRounds "7"]
[EventCountry "CAN"]

1. d4 d5 2. e3 Nf6 3. Bd3 c5 4. c3 Nc6 5. f4 Bg4 6. Be2 Bxe2 7. Qxe2 e6 8. Nf3
Qc7 9. O-O Bd6 10. Ne5 Bxe5 11. fxe5 Ne4 12. Nd2 Nxd2 13. Bxd2 Qe7 14. b4 cxb4
15. cxb4 a6 16. Rfb1 O-O 17. a4 Rfc8 18. b5 Nd8 19. Ba5 Rc4 20. Bb6 Rac8 21.
Bc5 Qc7 22. b6 Qd7 23. Qa2 Nc6 24. a5 Nxe5 25. Rc1 Rxc1+ 26. Rxc1 Nc4 27. e4
Qb5 28. exd5 exd5 29. Re1 Re8 30. Rb1 Qxa5 31. Qxa5 Nxa5 32. Kf2 h6 33. Re1
Rxe1 34. Kxe1 Nc4 35. Ke2 g6 36. Kd3 Kg7 37. Kc3 Kf6 38. Kb4 Kf5 39. Bf8 h5 40.
Kc5 Ke6 41. Bh6 f6 42. h4 Nd6 43. Bf4 Ne4+ 44. Kb4 g5 45. hxg5 fxg5 46. Bc7 Kf5
47. g3 h4 48. gxh4 gxh4 49. Kb3 Kg4 50. Kc2 Ng3 0-1

[Event "Scarborough CC Howard Ridout"]
[Site "Toronto CAN"]
[Date "2018.10.11"]
[Round "5.1"]
[White "Zhao, Jeffrey R"]
[Black "Xu, Jeffrey"]
[Result "0-1"]
[WhiteElo "1905"]
[BlackElo "2245"]
[PlyCount "50"]
[EventDate "2018.09.13"]
[EventType "swiss"]
[EventRounds "7"]
[EventCountry "CAN"]

1. e4 e5 2. Nf3 Nc6 3. Bc4 Bc5 4. O-O Nf6 5. d3 d6 6. c3 a6 7. a4 Ba7 8. Re1 h6
9. Nbd2 O-O 10. Nf1 Ne7 11. Bb3 Ng6 12. d4 exd4 13. cxd4 Re8 14. Ng3 Bg4 15.
Re3 Nh4 16. Qd3 Bxf3 17. gxf3 c5 18. dxc5 Bxc5 19. Re2 Qd7 20. Nf5 Nxf5 21.
exf5 Rxe2 22. Qxe2 Qxf5 23. Be3 Re8 24. Kh1 d5 25. Bc2 Qh5 0-1

[Event "Scarborough CC Howard Ridout"]
[Site "Toronto CAN"]
[Date "2018.10.11"]
[Round "5.2"]
[White "Issani, Nameer"]
[Black "Mao, Fengxi"]
[Result "1-0"]
[WhiteElo "2184"]
[BlackElo "1842"]
[PlyCount "75"]
[EventDate "2018.09.13"]
[EventType "swiss"]
[EventRounds "7"]
[EventCountry "CAN"]

1. d4 Nf6 2. c4 e6 3. Nc3 Bb4 4. e3 O-O 5. Nge2 d6 6. a3 Bxc3+ 7. Nxc3 e5 8.
Be2 Nbd7 9. O-O Re8 10. b3 Nf8 11. dxe5 dxe5 12. Qc2 c6 13. Rd1 Qc7 14. c5 Bg4
15. Bxg4 Nxg4 16. Ne4 Red8 17. Bb2 Qe7 18. Nd6 Nf6 19. Qf5 Ng6 20. h4 Nxh4 21.
Qxe5 Qxe5 22. Bxe5 Ng6 23. Bxf6 gxf6 24. Nxb7 Rxd1+ 25. Rxd1 Ne5 26. f4 Ng4 27.
Rd8+ Rxd8 28. Nxd8 Nxe3 29. Nxc6 Nd5 30. Nxa7 Nxf4 31. c6 Nd5 32. Nb5 Nb6 33.
c7 Nc8 34. a4 Kf8 35. a5 Ke7 36. a6 Kd7 37. a7 Nb6 38. Kf2 1-0

[Event "Scarborough CC Howard Ridout"]
[Site "Toronto CAN"]
[Date "2018.10.11"]
[Round "5.3"]
[White "Palacios, Bobby"]
[Black "Gorkhmaz, Verdiyev"]
[Result "1/2-1/2"]
[WhiteElo "2065"]
[BlackElo "1851"]
[PlyCount "101"]
[EventDate "2018.09.13"]
[EventType "swiss"]
[EventRounds "7"]
[EventCountry "CAN"]

1. d4 g6 2. e4 Bg7 3. c4 d6 4. Nc3 Nf6 5. Nf3 O-O 6. Be2 Nbd7 7. O-O c6 8. e5
Ne8 9. Bf4 dxe5 10. dxe5 Nc7 11. Qd2 Ne6 12. Bg3 Nxe5 13. Qe3 Nxf3+ 14. Bxf3
Nd4 15. Rad1 Be6 16. b3 Nxf3+ 17. Qxf3 Qa5 18. Na4 Bxc4 19. bxc4 Qxa4 20. Rd7
Qxc4 21. Rxb7 Qxa2 22. Qxc6 e5 23. Qc7 Rfc8 24. Qe7 Re8 25. Qc7 a5 26. h3 a4
27. Rd1 a3 28. Rd7 Rec8 29. Qd6 Qc4 30. Rxf7 Qxf7 31. Rxf7 Kxf7 32. Qd5+ Kf8
33. Qd6+ Kg8 34. Qe6+ Kh8 35. Bxe5 Rg8 36. Qd5 h5 37. Bxg7+ Kxg7 38. Qd7+ Kh6
39. Qd2+ Kh7 40. Qa2 Ra7 41. g4 hxg4 42. hxg4 Rb8 43. g5 Rb2 44. Qe6 Rb1+ 45.
Kh2 a2 46. Qh3+ Kg8 47. Qc8+ Kf7 48. Qc4+ Kg7 49. Qc3+ Kg8 50. Qc8+ Kh7 51.
Qh3+ 1/2-1/2

[Event "Scarborough CC Howard Ridout"]
[Site "Toronto CAN"]
[Date "2018.10.11"]
[Round "5.4"]
[White "Hay, Jonathan"]
[Black "Jacobs, Michael"]
[Result "1-0"]
[WhiteElo "2054"]
[BlackElo "1796"]
[PlyCount "63"]
[EventDate "2018.09.13"]
[EventType "swiss"]
[EventRounds "7"]
[EventCountry "CAN"]

1. d4 d5 2. Bf4 Nf6 3. e3 Nc6 4. c4 e6 5. Nf3 Bb4+ 6. Nc3 Ne4 7. Qc2 Nxc3 8.
bxc3 Bd6 9. Bg3 Bxg3 10. hxg3 h5 11. Bd3 Qf6 12. g4 g6 13. Qb3 dxc4 14. Bxc4 a6
15. Ke2 Qg7 16. Rh4 b6 17. Bd3 Bb7 18. a4 O-O-O 19. Rhh1 Rhe8 20. a5 Nxa5 21.
Rxa5 bxa5 22. Rb1 Bxf3+ 23. gxf3 Kd7 24. Bb5+ c6 25. Bxc6+ Ke7 26. Qa3+ Kf6 27.
Qxa5 g5 28. Qe5+ Kg6 29. Be4+ f5 30. gxf5+ Kf7 31. Rb7+ Re7 32. Rxe7+ 1-0

[Event "Scarborough CC Howard Ridout"]
[Site "Toronto CAN"]
[Date "2018.10.11"]
[Round "5.5"]
[White "Huang, Youhe"]
[Black "Gao, Raymond"]
[Result "1-0"]
[WhiteElo "1869"]
[BlackElo "1928"]
[PlyCount "89"]
[EventDate "2018.09.13"]
[EventType "swiss"]
[EventRounds "7"]
[EventCountry "CAN"]

1. d4 d5 2. Nf3 e6 3. e3 f5 4. b3 Nf6 5. Bb2 Bd6 6. c4 c6 7. Bd3 a5 8. Nc3 Nbd7
9. a3 b6 10. Rc1 Ne4 11. Ne2 Ba6 12. Nf4 Kf7 13. h4 Ndf6 14. Ng5+ Nxg5 15. hxg5
Ng4 16. Qf3 Qxg5 17. Rh5 Qf6 18. cxd5 cxd5 19. Nxd5 exd5 20. Rxf5 Bxd3 21.
Qxd5+ Ke7 22. Qb7+ Ke6 23. Rxf6+ Nxf6 24. d5+ Nxd5 25. Rd1 Be4 26. Qxg7 Rhg8
27. Qh6+ Rg6 28. Qh3+ Bf5 29. Qf3 Nc7 30. Qc6 Rd8 31. Qc4+ Ke7 32. Qh4+ Ke6 33.
e4 Bg4 34. Qxd8 Bxd1 35. Qc8+ Ke7 36. Kxd1 Rxg2 37. e5 Rxf2 38. exd6+ Kxd6 39.
Bd4 Ra2 40. Bxb6 Ne6 41. Bxa5 h5 42. Bb4+ Ke5 43. Qh8+ Ke4 44. Qxh5 Nd4 45.
Qh1+ 1-0

[Event "Scarborough CC Howard Ridout"]
[Site "Toronto CAN"]
[Date "2018.10.11"]
[Round "5.6"]
[White "Noor Ali, Aahil"]
[Black "Tavana, Joseph"]
[Result "1-0"]
[WhiteElo "2023"]
[BlackElo "1736"]
[PlyCount "139"]
[EventDate "2018.09.13"]
[EventType "swiss"]
[EventRounds "7"]
[EventCountry "CAN"]

1. d4 d5 2. c4 e6 3. Nc3 f5 4. Nf3 Nf6 5. Bg5 Be7 6. e3 c6 7. cxd5 exd5 8. Ne5
Nbd7 9. Nd3 O-O 10. Nf4 Nb6 11. a4 Ne4 12. Nxe4 fxe4 13. Bxe7 Qxe7 14. Be2 Qb4+
15. Qd2 Qxd2+ 16. Kxd2 g5 17. a5 Nc4+ 18. Bxc4 dxc4 19. Ne2 Rxf2 20. Raf1 Rxg2
21. Rhg1 Rxg1 22. Rxg1 h6 23. Ng3 Be6 24. Nxe4 Bd5 25. Nd6 b6 26. h4 Rd8 27.
Nf5 Kh7 28. hxg5 hxg5 29. axb6 axb6 30. Rxg5 Rd7 31. Kc3 b5 32. Rg1 Rf7 33. Rf1
Rf6 34. Ng3 Re6 35. Re1 Be4 36. Nxe4 Rxe4 37. Kb4 Kg6 38. Kc5 Re6 39. e4 Kf6
40. Rf1+ Ke7 41. e5 Kd7 42. Rf7+ Ke8 43. Rc7 Kd8 44. Rb7 Kc8 45. Rh7 Kd8 46.
Rh8+ Kd7 47. Ra8 Kc7 48. Ra7+ Kc8 49. Ra8+ Kc7 50. Rf8 Kd7 51. Rf5 Ke7 52. Rh5
Kd7 53. Rf5 Ke7 54. Rf2 Rh6 55. Rg2 Kd7 56. Re2 Rg6 57. d5 cxd5 58. Kxd5 Rg3
59. Rh2 Rg7 60. Rh6 Re7 61. Rb6 Re8 62. Rb7+ Kc8 63. Rxb5 Rh8 64. Kd6 Rh2 65.
e6 Rd2+ 66. Rd5 Rxb2 67. e7 Re2 68. Rc5+ Kb7 69. Re5 Rd2+ 70. Ke6 1-0

[Event "Scarborough CC Howard Ridout"]
[Site "Toronto CAN"]
[Date "2018.10.18"]
[Round "6.1"]
[White "Southam, David"]
[Black "Issani, Nameer"]
[Result "1-0"]
[WhiteElo "2083"]
[BlackElo "2184"]
[PlyCount "101"]
[EventDate "2018.09.13"]
[EventType "swiss"]
[EventRounds "7"]
[EventCountry "CAN"]

1. d4 Nf6 2. c4 e6 3. Nc3 Bb4 4. e3 O-O 5. Nge2 d5 6. a3 Be7 7. cxd5 exd5 8. b4
a5 9. b5 Nbd7 10. Ng3 c6 11. Nf5 Re8 12. Nxe7+ Qxe7 13. Be2 c5 14. dxc5 Nxc5
15. a4 Bf5 16. Ba3 b6 17. O-O Rad8 18. Bf3 Qe5 19. Ne2 Bd3 20. Bxc5 Bxe2 21.
Qxe2 bxc5 22. Qd2 Qc7 23. Rac1 Qb6 24. Rfd1 Re7 25. Qc2 Rc7 26. Rd2 h6 27. g3
Qe6 28. Qc3 Qb6 29. Rcd1 Rcd7 30. Qe5 Qe6 31. Qc3 Qb6 32. Qa3 Kh8 33. h3 Kg8
34. Bg2 Qa7 35. h4 Qb6 36. Rc2 Rc7 37. Qc3 c4 38. Rcd2 Rcd7 39. Rd4 Rd6 40. Qd2
Qc5 41. Qxa5 R8d7 42. Qc3 Ra7 43. e4 Ng4 44. exd5 Ne5 45. f4 f6 46. fxe5 fxe5
47. Qxc4 Qb6 48. Qc8+ Rd8 49. Qc6 Qxc6 50. dxc6 exd4 51. b6 1-0

[Event "Scarborough CC Howard Ridout"]
[Site "Toronto CAN"]
[Date "2018.10.18"]
[Round "6.2"]
[White "Ning, Eric"]
[Black "Hay, Jonathan"]
[Result "1/2-1/2"]
[WhiteElo "1942"]
[BlackElo "2054"]
[PlyCount "86"]
[EventDate "2018.09.13"]
[EventType "swiss"]
[EventRounds "7"]
[EventCountry "CAN"]

1. d4 d5 2. c4 c6 3. e3 Nf6 4. Nf3 Bf5 5. Nc3 e6 6. Nh4 Bg4 7. Qb3 Qb6 8. h3
Bh5 9. g4 Bg6 10. Nxg6 hxg6 11. Bg2 Nbd7 12. Bd2 Be7 13. O-O-O Qxb3 14. axb3
Nb6 15. c5 Nbd7 16. b4 a6 17. e4 Nxe4 18. Nxe4 dxe4 19. Bxe4 Nf6 20. Bg2 O-O-O
21. Bg5 Rd7 22. Kc2 Rhd8 23. Be3 Nd5 24. Kb3 Nc7 25. Kc4 Nb5 26. g5 Nc7 27. Bf3
Nd5 28. h4 Rh8 29. Rdg1 Bd8 30. h5 gxh5 31. Rxh5 Rxh5 32. Bxh5 g6 33. Bf3 Kc7
34. Bxd5 Rxd5 35. Bf4+ Kd7 36. Be5 Bc7 37. f4 Bxe5 38. fxe5 Ke7 39. Rh1 Rd8 40.
Rh4 Kf8 41. Kb3 Ke7 42. Ka4 Kd7 43. Rh7 Ke7 1/2-1/2

[Event "Scarborough CC Howard Ridout"]
[Site "Toronto CAN"]
[Date "2018.10.18"]
[Round "6.3"]
[White "Noor Ali, Aahil"]
[Black "Huang, Youhe"]
[Result "1/2-1/2"]
[WhiteElo "2023"]
[BlackElo "1869"]
[PlyCount "64"]
[EventDate "2018.09.13"]
[EventType "swiss"]
[EventRounds "7"]
[EventCountry "CAN"]

1. d4 d6 2. c4 Nf6 3. Nc3 g6 4. e4 Bg7 5. f3 O-O 6. Be3 e5 7. d5 c5 8. Nge2 Ne8
9. h4 f5 10. exf5 gxf5 11. Qd2 f4 12. Bf2 Nc7 13. Ne4 b5 14. b4 cxb4 15. Qxb4
Nba6 16. Qxd6 Qxd6 17. Nxd6 Nb4 18. Kd2 Rd8 19. Nxc8 Raxc8 20. Rb1 Ncxd5 21.
cxd5 Rxd5+ 22. Nd4 Nc6 23. Rxb5 Rxd4+ 24. Bxd4 Nxd4 25. Rb7 Rc2+ 26. Kd1 e4 27.
fxe4 f3 28. gxf3 Bh6 29. Rg1+ Kf8 30. Rg5 Bxg5 31. hxg5 Rxa2 32. Rb8+ Kg7
1/2-1/2

[Event "Scarborough CC Howard Ridout"]
[Site "Toronto CAN"]
[Date "2018.10.18"]
[Round "6.4"]
[White "Gorkhmaz, Verdiyev"]
[Black "Zhao, Jeffrey R"]
[Result "0-1"]
[WhiteElo "1851"]
[BlackElo "1905"]
[PlyCount "96"]
[EventDate "2018.09.13"]
[EventType "swiss"]
[EventRounds "7"]
[EventCountry "CAN"]

1. e4 c5 2. d3 e6 3. g3 d5 4. Nd2 Nf6 5. Bg2 Nc6 6. Ne2 Be7 7. O-O Qc7 8. c3
Rb8 9. a4 O-O 10. Nb3 Rd8 11. Qc2 b6 12. f4 dxe4 13. dxe4 c4 14. Nbd4 Bc5 15.
e5 Bxd4+ 16. cxd4 Nb4 17. Qd2 Nfd5 18. Nc3 a6 19. g4 Qe7 20. Ne4 Bb7 21. Nd6
Rxd6 22. exd6 Qxd6 23. Qe2 Nd3 24. Be4 N5xf4 25. Bxf4 Qxd4+ 26. Qe3 Qxe3+ 27.
Bxe3 Bxe4 28. Bd4 e5 29. Bc3 Rc8 30. h3 f6 31. Rfd1 Kf7 32. Ra2 Ke6 33. Kh2 g6
34. Bd2 Rd8 35. Be3 Rd6 36. Rd2 Rc6 37. Ra1 f5 38. gxf5+ gxf5 39. Rad1 f4 40.
Bg1 Bg6 41. Rc2 Kd5 42. Rc3 e4 43. b3 cxb3 44. Rxb3 Rc2+ 45. Kh1 e3 46. Rdxd3+
Bxd3 47. Rxd3+ Ke4 48. Rd1 f3 0-1

[Event "Scarborough CC Howard Ridout"]
[Site "Toronto CAN"]
[Date "2018.10.18"]
[Round "6.5"]
[White "Jacobs, Michael"]
[Black "Ajith, Aayush"]
[Result "1-0"]
[WhiteElo "1796"]
[BlackElo "1922"]
[PlyCount "87"]
[EventDate "2018.09.13"]
[EventType "swiss"]
[EventRounds "7"]
[EventCountry "CAN"]

1. e4 c5 2. Nc3 Nc6 3. f4 d6 4. Nf3 g6 5. Bb5 Bd7 6. Bxc6 Bxc6 7. d3 Bg7 8. O-O
e6 9. e5 dxe5 10. fxe5 Qc7 11. Bf4 Ne7 12. Bg5 Nf5 13. Ne4 Bxe4 14. dxe4 Nd4
15. Nxd4 cxd4 16. Qf3 Bxe5 17. h3 O-O 18. Bh6 Rfd8 19. h4 Rd7 20. Rac1 Bg7 21.
Bxg7 Kxg7 22. Qf6+ Kg8 23. h5 Qd8 24. Qe5 Qh4 25. hxg6 hxg6 26. Rf3 Qh8 27. Qg5
Qh5 28. Qf6 Qh8 29. Qf4 Qg7 30. Rh3 Rc8 31. Re1 e5 32. Qg4 Rdc7 33. c3 dxc3 34.
bxc3 Rxc3 35. Rxc3 Rxc3 36. Rd1 Qf6 37. Qd7 Rc2 38. Rf1 Qb6+ 39. Kh2 Qe6 40.
Qxb7 Rxa2 41. Qb8+ Kg7 42. Rf3 Qg4 43. Qxe5+ Kh6 44. Rh3+ 1-0